000 00407pab a2200169 454500
008 180718b2011 xxu||||| |||| 00| 0 eng d
100 _aDala, Manju
245 _aA review of state finances in Haryana
260 _c2011
300 _ap.249-275.
362 _aOct
650 _aFinance - India - Haryana
650 _aFinance
773 _aIndian Journal of Economics
908 _aN
909 _a97028
999 _c97028
_d97028